| 000 | 00964nam a2200289Ia 4500 | ||
|---|---|---|---|
| 001 | Para_3720 | ||
| 003 | CHAP | ||
| 008 | 220125s1942 xx 000 0 und d | ||
| 010 | _a202300 | ||
| 040 | _cCHAP | ||
| 082 | _aPA-C 632.951 S67 | ||
| 100 |
_aBoyce, A. M _914867 |
||
| 245 |
_aResistance of Citrus thoips to tartaremetic in the San Fernando valley and a tentative substitute program for emergency conditions / _c A. M. Boyce, C. O. Persing |
||
| 260 |
_aBerkeley, Calif. : _b University of California. College of Agriculture |
||
| 300 | _a2 h. | ||
| 440 |
_aCalifornia. Agr. Exp. Sta. News letter; 21 _9167406 |
||
| 650 |
_aDDT (insecticida) _931376 |
||
| 650 |
_aFertilizantes _x Efecto en cĂtricos _940499 |
||
| 700 |
_aPersing, C. O. _987316 |
||
| 901 | _aPA-C 632.951 S67 | ||
| 902 | _aA | ||
| 905 | _a0000001942 BER 0000000000 00 | ||
| 910 | _a1942 | ||
| 942 | _cPARA | ||
| 942 |
_cPARA _d1 |
||
| 999 |
_c202300 _d202300 |
||